000 00253nam a22000977a 4500
008 231212b |||||||| |||| 00| 0 eng d
020 _a9789355555731
100 _aMTG
_97733
245 _aPREP GUIDE CUET (UG)-2023 (Physics)
260 _aNew Delhi
_bMTG
_c2023
999 _c12512
_d12512